| 000 | 01009cam a2200313 i 4500 | ||
|---|---|---|---|
| 001 | 18170702 | ||
| 003 | EG-ScBUE | ||
| 005 | 20250618092649.0 | ||
| 008 | 140530t2014 flua f 001 0 eng d | ||
| 020 | _a9781439857779 (hbk.) | ||
| 020 | _a1439857776 (hbk.) | ||
| 040 |
_aDLC _beng _erda _cDLC _dDLC _dEG-ScBUE |
||
| 082 | 0 | 4 |
_a539.752 _bRAN _222 |
| 100 | 1 |
_aRangacharyulu, Chary, _eauthor. _938142 |
|
| 245 | 1 | 0 |
_aPhysics of nuclear radiations : _bconcepts, techniques and applications / _cChary Rangacharyulu. |
| 264 | 1 |
_aBoca Raton : _bCRC Press / Taylor & Francis Grouop, _c[2014] |
|
| 264 | 4 | _cc2014 | |
| 300 |
_axiv , 369 pages : _billustrations ; _c25 cm |
||
| 336 |
_2rdacontent _atext _btxt |
||
| 337 |
_2rdamedia _aunmediated _bn |
||
| 338 |
_2rdacarrier _avolume _bnc |
||
| 500 | _aIncludes index. | ||
| 650 | 7 |
_aRadioactivity. _2BUEsh |
|
| 650 | 7 |
_aRadioactive substances _xDetection. _2BUEsh |
|
| 651 | _2BUEsh | ||
| 653 |
_bENGGEN _cJune2015 |
||
| 655 | _vReading book | ||
| 942 |
_2ddc _cBB |
||
| 999 |
_c19531 _d19503 |
||